Kontrola časti rámu autobusu pri dynamickom namáhaní podľa predpisu EHK č. 66

Saved in:
Bibliographic Details
Main Author: Jerábek, Róbert (Author)
Other Authors: Élesztös, Pavel (Thesis advisor)
Format: Manuscript Book
Language:Slovak
Published: 2018
Subjects:
Online Access:http://is.stuba.sk/zp/portal_zp.pl?podrobnosti=137764
Tags: Add Tag
No Tags, Be the first to tag this record!

MARC

LEADER 00000ntm a22000003a 4500
001 stuzp69873
003 SK-STU
005 20180820161808.9
007 ta
008 150427s2015----xo-----f-mn---000-0-slo-d
040 |a STU  |b slo 
041 0 |a slo 
100 1 |a Jerábek, Róbert  |u 020010  |4 aut  |U SjF Strojnícka fakulta  |T SjF Ústav aplikovanej mechaniky a mechatroniky  |X 62817  |U J0010  |Y 801  |7 62817 
242 0 1 |a Check part of bus frame for dynamic loading according ECE No. 66  |y eng 
245 1 0 |a Kontrola časti rámu autobusu pri dynamickom namáhaní podľa predpisu EHK č. 66 
260 |c 2018 
650 4 |a prevrátenie autobusu  |2 slo 
650 4 |a materiálový model  |2 slo 
650 4 |a numerická simulácia  |2 slo 
650 4 |a segmentová skúška  |2 slo 
650 4 |a material model  |2 eng 
650 4 |a numerical simulation  |2 eng 
650 4 |a segment test  |2 eng 
650 4 |a bus rollover  |2 eng 
700 1 |a Élesztös, Pavel  |u 020010  |k Z1  |4 ths  |U SjF Strojnícka fakulta  |T SjF Ústav aplikovanej mechaniky a mechatroniky  |X 2450  |U J0010  |Y 801  |7 A000002450 
856 4 |u http://is.stuba.sk/zp/portal_zp.pl?podrobnosti=137764 
996 |b 284J046889  |c J* 3389/DDP  |l JJSK  |s A  |a 24  |w stuzp69873_0001